000 00670nam a2200181Ia 4500
001 690
005 20260306140536.0
008 260306t1996||||xx |||||||||||||| ||spa||
041 _aESP
082 _a133.43
_bM61
100 _aMinguet e Irol, Pablo
_eAUT
245 0 _aEngaños a ojos vistas, y diversión de trabajos mundanos, fundada en licitos juegos de manos, que contiene todas las diferencias de los cubiletes, y otras habilidades muy curiosas, demostradas con diferentes láminas, para que los pueda hacer facilmente qualquier entretenido
260 _c1996
300 _a218 páginas :
_c21 cm.
650 _aGEN
654 _aCHU
942 _cLIB
_dJUS
_fJUS
_2ddc
_n
999 _c690
_d690